| 000 | 01149cam a2200349 i 4500 | ||
|---|---|---|---|
| 001 | 41941 | ||
| 003 | Mx-PuUPA | ||
| 005 | 20251015123805.0 | ||
| 008 | 140415s1970 sp gr 000 f spa d | ||
| 017 | _aB. 31.051 - 1970 | ||
| 040 |
_cMx-PuUPA _aMx-PuUPA _bspa _dMx-PuUPA _erda |
||
| 041 | 1 |
_aspa _hita |
|
| 043 | _ae-it--- | ||
| 100 | 1 |
_aMontanelli, Indro, _d1909-2001 _917503 _eautor |
|
| 240 | 1 | 3 |
_aIn Generale della Rovere. _lEspañol |
| 245 | 1 | 3 |
_aEl general de la Rovere (y otros héroes) / _cIndro Montanelli ; traducción de Domingo Pruna |
| 264 | 1 |
_aBarcelona, España : _bPlaza & Janes, _c©1970 |
|
| 300 |
_a158 páginas ; _c19 cm |
||
| 336 |
_2rdacontent _atexto _btxt |
||
| 337 |
_2rdamedia _asin medio _bn |
||
| 338 |
_2rdacarrier _avolumen _bnc |
||
| 490 | 0 | _aRotativa | |
| 600 | 1 | 4 |
_aBertone, Giovanni _vNovela |
| 650 | 7 |
_2armarc _aGuerra Mundial _y1939-1945 _vNovela |
|
| 651 | 4 |
_aItalia _zHistoria _vNovela |
|
| 655 | 4 | _aNovela | |
| 700 | 1 |
_aPruna, Domingo _etraductor |
|
| 942 |
_2ddc _cLI _h853 _iM7318 |
||
| 999 |
_c41941 _d41941 |
||